| 000 | 00901pam a2200301 a 4500 | ||
|---|---|---|---|
| 005 | 20260322212020.0 | ||
| 008 | data | ||
| 010 | _a 88019703 | ||
| 020 | _a0870447408 | ||
| 020 | _a0870447459 (lib. bdg.) | ||
| 020 | _a9780870447402 | ||
| 020 | _a9780870447457 (lib. bdg.) | ||
| 040 |
_aDLC _cDLC _dDLC |
||
| 042 | _alcac | ||
| 050 | 0 | 0 |
_aQL737.R632 _bB76 1988 |
| 082 | 0 | 0 |
_a599.32/32 _219 |
| 092 | _a599.32 B76 1988 | ||
| 100 | 1 | _aBrownell, M. Barbara. | |
| 245 | 1 | 0 |
_aBusy beavers / _cM. Barbara Brownell. |
| 260 |
_a[Washington, D.C.] : _bNational Geographic Society, _cc1988. |
||
| 300 |
_a32, [2] p. : _bcol. ill. ; _c28 cm. |
||
| 440 | 0 | _aBooks for young explorers | |
| 504 | _aBibliography: p. [34]. | ||
| 520 | _aPhotographs and text introduce the physical characteristics and habits of the beaver. | ||
| 650 | 0 |
_aBeavers _xJuvenile literature. |
|
| 650 | 1 | _aBeavers. | |
| 001 | data | ||
| 999 |
_c457 _d457 |
||